000 00681nam a2200241Ia 4500
003 OSt
005 20221005132208.0
006 a|||||r|||| 00| 0
007 ta
008 221004b |||||||| |||| 00| 0 eng d
024 _a33792
037 _cTextual
040 _aCRL
_cCRL
_beng
041 _2eng
_aeng
082 _aO:1K08:90V3, J2
100 _aSensabaugh George F
_9518676
245 0 _aThat grand whig Milton
260 _c1952
490 _aStanford University publications university series language and literature,11
650 _aENGLISH LITERATURE
942 _hO:1K08:90V3, J2
_cTEXL
_2cc
999 _c1062737
_d1062737